|
|
|
|
| LEADER |
01053nam a22002892a 4500 |
| 001 |
001128652 |
| 003 |
CZ BrMZK |
| 005 |
20110607104013.0 |
| 007 |
ta |
| 008 |
101119s1980 xo af er|||||||||||fre d |
| 040 |
|
|
|a ABA001
|b cze
|c ABA001
|d ABA001
|d BOA001
|
| 041 |
1 |
|
|a fre
|b slo
|h slo
|
| 080 |
9 |
|
|a 56.016.3:551.763
|
| 080 |
9 |
|
|a 551.781(611)
|
| 100 |
1 |
|
|a Salaj, Jozef
|7 jx20050504015
|4 aut
|
| 245 |
1 |
0 |
|a Microbiostratigraphie du crétacé et du paléogène de la Tunisie septentrionale et orientale :
|b (Hypostratotypes Tunisiens) /
|c Joseph Salaj
|
| 260 |
|
|
|a Bratislava :
|b Veda,
|c 1980
|
| 300 |
|
|
|a 238 s., obr. příl. :
|b il. ;
|c 8°
|
| 500 |
|
|
|a Přeloženo ze slovenštiny
|
| 504 |
|
|
|a Obsahuje bibliografii
|
| 546 |
|
|
|a Slovenské resumé
|
| 550 |
|
|
|a Vydavatel: Geologický ústav Dionýza Štúra, Bratislava
|
| 710 |
2 |
|
|a Geologický ústav Dionýza Štúra
|7 ko2003195948
|
| 910 |
|
|
|a BOA001
|b 2-0837.193
|
| 990 |
|
|
|a BK
|
| 991 |
|
|
|b 201011
|
| 996 |
7 |
|
|b 2619392122
|c 2-0837.193
|l MZK
|r Sklad / do 1 hodiny
|n 0
|w 001157627
|u 000010
|a 1
|e BOA001
|j MZK50
|s A
|